000 00776cam a2200253 4500
001 12840
003 BD-RjUL
005 20211208235350.0
008 140129r19791976nyua b 001 0 eng d
035 _a(BD-RjUL)12890
040 _aDLC
_cDLC
_d(BD-RjUL)
_beng
041 _aeng
082 0 0 _a620.11
_bGON 1979
100 1 _aGordon, J. E.
_q(James Edward),
_d1913-
_940014
245 1 4 _aThe new science of strong materials /
_cby J. E. Gordon.
260 _aNew York :
_bWalker ,
_cc1968 [Reprint 1979]
300 _a269 p. :
_billus. ,
_c18 cm.
504 _aIncludes Bibliography: p. [262]-263. and Index
650 0 _aMaterials
_xPopular works.
_940015
650 0 _aStrength of materials.
_940016
942 _2ddc
_cBK
999 _c12840
_d12840